<?xml version="1.0" encoding="UTF-8"?>
<record
    xmlns:xsi="http://www.w3.org/2001/XMLSchema-instance"
    xsi:schemaLocation="http://www.loc.gov/MARC21/slim http://www.loc.gov/standards/marcxml/schema/MARC21slim.xsd"
    xmlns="http://www.loc.gov/MARC21/slim">

  <leader>00320nam a22001217a 4500</leader>
  <controlfield tag="008">251106b        |||||||| |||| 00| 0 eng d</controlfield>
  <datafield tag="020" ind1=" " ind2=" ">
    <subfield code="a">B81582703253A</subfield>
  </datafield>
  <datafield tag="100" ind1=" " ind2=" ">
    <subfield code="a">Eastern Book Company</subfield>
  </datafield>
  <datafield tag="245" ind1=" " ind2=" ">
    <subfield code="a">social security code, 2020</subfield>
  </datafield>
  <datafield tag="260" ind1=" " ind2=" ">
    <subfield code="a">New Delhi</subfield>
    <subfield code="b">Eastern Book Company</subfield>
    <subfield code="c">2024</subfield>
  </datafield>
  <datafield tag="300" ind1=" " ind2=" ">
    <subfield code="a">iv, 155 pages</subfield>
  </datafield>
  <datafield tag="942" ind1=" " ind2=" ">
    <subfield code="c">C</subfield>
  </datafield>
  <datafield tag="952" ind1=" " ind2=" ">
    <subfield code="0">0</subfield>
    <subfield code="1">0</subfield>
    <subfield code="2">ddc</subfield>
    <subfield code="4">0</subfield>
    <subfield code="6">368_400000000000000_EBC</subfield>
    <subfield code="7">0</subfield>
    <subfield code="8">UG</subfield>
    <subfield code="9">88739</subfield>
    <subfield code="a">SL</subfield>
    <subfield code="b">SL</subfield>
    <subfield code="c">8</subfield>
    <subfield code="d">2025-11-06</subfield>
    <subfield code="e">Campus Book House</subfield>
    <subfield code="g">320.00</subfield>
    <subfield code="l">0</subfield>
    <subfield code="o">368.400 EBC</subfield>
    <subfield code="p">SL5098</subfield>
    <subfield code="r">2025-11-06</subfield>
    <subfield code="y">R</subfield>
    <subfield code="z">Rack No. R03 Shelf No. 117</subfield>
  </datafield>
  <datafield tag="999" ind1=" " ind2=" ">
    <subfield code="c">64029</subfield>
    <subfield code="d">64029</subfield>
  </datafield>
</record>
